Robert R. McCammon Bibliography - Statistics

General Stats
  • This quiz has been taken 2 times
  • The average score is 17 of 74
Answer Stats
Type Year Name % Correct
Novel 1991 Boy's Life
100%
Novel 1992 Gone South
100%
Novel 1990 Mine
100%
Novel 1987 Swan Song
100%
Novel 1978 Baal
50%
Novel 1980 Bethany's Sin
50%
Novel 1989 Blue World
50%
Short Story Collection 1989 Blue World and Other Stories
50%
Short Story 1989 Chico
50%
Short Story 1987 Doom City
50%
Short Story 1989 Eat Me
50%
Short Story 1986 He'll Come Knocking at Your Door
50%
Short Story 1984 I Scream Man!
50%
Short Story 1981 Makeup
50%
Novelette 1988 Night Calls the Green Falcon
50%
Novelette 1984 Nightcrawlers
50%
Short Story 1989 Pin
50%
Short Story 1989 Something Passed By
50%
Novel 2002 Speaks the Nightbird
50%
Novel 1988 Stinger
50%
Short Story Collection 2018 Tales from Greystone Bay
50%
Short Story 1987 The Deep End
50%
Short Story 1991 The Judge
50%
Novel 1980 The Night Boat
50%
Novelette 1985 The Red House
50%
Short Story 1989 The Thang
50%
Novel 1989 The Wolf's Hour
50%
Novel 1981 They Thirst
50%
Novel 1984 Usher's Passing
50%
Short Story 1986 Yellowjacket Summer
50%
Essay 2020 A Last Pour
0%
Short Story 1987 A Life in the Day Of
0%
Short Story Collection 2020 A Little Amber Book of Wicked Shots
0%
Short Story 1990 Batman Universe: On a Beautiful Summer's Day, He Was
0%
Short Story 1990 Beauty
0%
Novelette 1987 Best Friends
0%
Short Story 1989 Black Boots
0%
Novel 2019 Cardinal Black
0%
Short Story 2012 Children of the Bedtime Machine
0%
Novella 2012 Death Comes for the Rich Man
0%
Short Story 2011 Death of a Hunter
0%
Short Story 2020 DST, Inc.
0%
Novel 2003 Evil Unveiled
0%
Novel 2016 Freedom of the Mask
0%
Novelette 1989 Haunted World
0%
Essay 1987 Innocence and Terror - The Heart of Horror
0%
Novella 2013 I Travel by Night
0%
Novel 2003 Judgment of the Witch
0%
Novella 2016 Last Train from Perdition
0%
Short Story 1987 Lights Out
0%
Short Story 2020 Little Green Gown
0%
Short Story 1989 Lizardman
0%
Novella 2020 Message from the Overmind
0%
Novel 2010 Mister Slaughter
0%
Novel 1983 Mystery Walk
0%
Short Story 2011 Sea Chase
0%
Short Story 2012 Strange Candy
0%
Novel 2015 The Border
0%
Novel 2011 The Five
0%
Short Story 2011 The Great White Way
0%
Short Story Collection 2011 The Hunter from the Woods
0%
Novel 2022 The King of Shadows
0%
Novel 2018 The Listener
0%
Short Story 2011 The Man from London
0%
Novelette 1991 The Miracle Mile
0%
Novel 2012 The Providence Rider
0%
Novel 2007 The Queen of Bedlam
0%
Short Story 2020 The Queen of Cruelty
0%
Novel 2014 The River of Souls
0%
Short Story 2011 The Room at the Bottom of the Stairs
0%
Novelette 2014 The Scorpion's Eye
0%
Short Story 2011 The Wolf and the Eagle
0%
Short Story 2013 White
0%
Short Story 1987 Yellachile's Cage
0%
No matching quizzes found
Score Distribution
Percent of People with Each Score
Percentile by Number Answered
Your Score History
You have not taken this quiz